Countries that End in ES - Statistics

General Stats
  • This quiz has been taken 160 times
  • The average score is 4 of 6
Answer Stats
country % Correct
Maldives
70%
Seychelles
66%
Philippines
64%
United States
56%
United Arab Emirates
50%
Saint Vincent and the Grenadines
46%
No matching quizzes found
Score Distribution
Percent of People with Each Score
Percentile by Number Answered
Your Score History
You have not taken this quiz